Obce okresu Semily - Statistics

General Stats
  • This quiz has been taken 23 times
  • The average score is 24 of 64
Answer Stats
Počet obyvatel Odpověď % Correct
8 081 Semily
100%
14 502 Turnov
100%
590 Bozkov
80%
5 443 Jilemnice
80%
5 635 Lomnice nad Popelkou
80%
2 533 Rokytnice nad Jizerou
80%
1 329 Vysoké nad Jizerou
80%
1 639 Jablonec nad Jizerou
70%
1 415 Rovensko pod Troskami
70%
640 Hrubá Skála
60%
247 Paseky nad Jizerou
60%
1 129 Benecko
50%
1 873 Horní Branná
50%
1 751 Mírová pod Kozákovem
50%
1 844 Studenec
50%
82 Troskovice
50%
410 Vyskeř
50%
238 Horka u Staré Paky
40%
203 Klokočí
40%
1 646 Košťálov
40%
284 Ktová
40%
1 110 Poniklá
40%
1 043 Přepeře
40%
294 Roprachtice
40%
372 Vítkovice
40%
1 002 Chuchelna
30%
513 Jesenný
30%
495 Kruh
30%
931 Libštát
30%
634 Martinice v Krkonoších
30%
221 Olešnice
30%
444 Radostná pod Kozákovem
30%
1 117 Roztoky u Jilemnice
30%
231 Syřenov
30%
597 Tatobity
30%
876 Víchová nad Jizerou
30%
628 Všeň
30%
289 Bělá
20%
866 Benešov u Semil
20%
226 Bradlecká Lhota
20%
216 Bukovina u Čisté
20%
117 Bystrá nad Jizerou
20%
599 Čistá u Horek
20%
674 Háje nad Jizerou
20%
99 Holenice
20%
252 Jestřabí v Krkonoších
20%
226 Kacanovy
20%
904 Karlovice
20%
333 Levínská Olešnice
20%
156 Loučky
20%
584 Mříčná
20%
679 Nová Ves nad Popelkou
20%
1 119 Ohrazenice
20%
283 Peřimov
20%
242 Příkrý
20%
101 Rakousy
20%
106 Roztoky u Semil
20%
682 Slaná
20%
687 Stružinec
20%
185 Svojek
20%
237 Veselá
20%
517 Záhoří
20%
251 Žernov
20%
445 Modřišice
10%
No matching quizzes found
Score Distribution
Percent of People with Each Score
Percentile by Number Answered
Your Score History
You have not taken this quiz